书目信息 |
| 题名: |
地球科学概论
|
|
| 作者: | 吕洪波 编著 | |
| 分册: | ||
| 出版信息: | 东营 中国石油大学出版社 2006.09 |
|
| 页数: | 367页 | |
| 开本: | 26cm | |
| 丛书名: | ||
| 单 册: | ||
| 中图分类: | P-43 | |
| 科图分类: | ||
| 主题词: | 地球科学--di qiu ke xue--高等学校--教材 | |
| 电子资源: | ||
| ISBN: | 978-7-5636-1888-0 | |
| 000 | 00911nam0 2200265 450 | |
| 001 | 012009448421 | |
| 005 | 20090420141849.54 | |
| 010 | @a978-7-5636-1888-0@dCNY34.00 | |
| 100 | @a20090420d2006 em y0chi0120 ea | |
| 101 | 0 | @aeng@achi |
| 102 | @aCN@b370000 | |
| 105 | @aabk z 001yy | |
| 106 | @ar | |
| 200 | 1 | @a地球科学概论@Adi qiu ke xue gai lun@d= An outline of earth sciences@f吕洪波编著@Flu hong bo bian zhu@zeng |
| 210 | @a东营@c中国石油大学出版社@d2006.09 | |
| 215 | @a367页@c图, 地图@d26cm | |
| 300 | @a高等学校教材 | |
| 320 | @a有索引 | |
| 330 | @a本书共分19章,包括宇宙与行星地质学、元素与矿物、岩浆作用与火成岩、外力抵制作用与沉积岩、变质作与变质岩等内容。 | |
| 510 | 1 | @aOutline of earth sciences@zeng |
| 606 | 0 | @a地球科学@Adi qiu ke xue@x高等学校@j教材 |
| 690 | @aP-43@v4 | |
| 701 | 0 | @a吕洪波@Alu hong bo@4编著 |
| 801 | 0 | @aCN@bQSSK@c20090420 |
| 905 | @b737852-54@dP-43@eL890@f3 | |
| 地球科学概论= An outline of earth sciences/吕洪波编著.-东营:中国石油大学出版社,2006.09 |
| 367页:图, 地图;26cm |
| 高等学校教材 |
| ISBN 978-7-5636-1888-0:CNY34.00 |
| 本书共分19章,包括宇宙与行星地质学、元素与矿物、岩浆作用与火成岩、外力抵制作用与沉积岩、变质作与变质岩等内容。 |
| ● |
| 相关链接 |
|
|
|
正题名:地球科学概论
索取号:P-43/L890
 
预约/预借
| 序号 | 登录号 | 条形码 | 馆藏地/架位号 | 状态 | 备注 |
| 1 | 737852 | 207378522 | 测绘与城市空间信息学院资料室/ [索取号:P-43/L890] | 在馆 | |
| 2 | 737853 | 207378531 | 自科库401/401自科库 109排1列2层/ [索取号:P-43/L890] | 在馆 | |
| 3 | 737854 | 207378540 | 自科库401/401自科库 109排1列2层/ [索取号:P-43/L890] | 在馆 |